00743cam a2200241 a 45000010008000000030004000080050017000120080041000290100017000700400025000870430012001120500025001240820016001491000032001652450065001972600101002623000021003635000017003846510030004019060045004319420012004769990013004884257198OSt20230608090136.0831216s1982 ii 000 0 eng  a 83902743  aDLCcDLCdDLCdOCoLC aa-ii---00aDS480.853b.G36 198200a954.04bGAN1 aGandhi, Indira,d1917-1984.10aPrime Minister Indira Gandhi speaks on foreign policy, 1981. aNew Delhi :bExternal Publicity Division, Ministry of External Affairs, [Govt. of India,c19]82. a111 p. ;c25 cm. aCover title. 0aIndiaxForeign relations. a7bcbccorignewd2encipf19gy-gencatlg 2ddccBK c826d826